| 000 -ლიდერი |
| ფიქსირებული სიგრძის საკონტროლო ველი |
01713nam a2200325Ia 4500 |
| 001 - საკონტროლო ნომერი |
| საკონტროლო ველი |
20074 |
| 003 - საკონტროლო ნომრის იდენტიფიკატორი |
| საკონტროლო ველი |
GE_BSU |
| 005 - ბოლო ოპერაციის თარიღი და დრო |
| საკონტროლო ველი |
20250422170111.0 |
| 008 - ფიქსირებული სიგრძის მონაცემთა ელემენტები - ზოგადი ინფორმაცია |
| ფიქსირებული სიგრძის საკონტროლო ველი |
181216s2011||||ge |||||||||||||| ||geo|| |
| 020 ## - წიგნის საერთაშორისო სტანდარტული ნომერი |
| International Standard Book Number |
978-9941-0-3344-5 |
| 040 ## - კატალოგიზაციის წყარო |
| Transcribing agency |
GE_BSU |
| 041 ## - ენის კოდი |
| Language code of text/sound track or separate title |
geo |
| 080 ## - უნივერსალური ათობითი კლასიფიკაციის ინდექსი |
| Universal Decimal Classification number |
821.161.1-31დ-77 |
| 100 ## - მთავარი ჩანაწერი - პიროვნების სახელი |
| Personal name |
დოსტოევსკი, ფიოდორ (1821-1881) |
| 9 (RLIN) |
6090 |
| 245 ## - ცნობა სათაურის შესახებ |
| Title |
ძმები კარამაზოვები : |
| Remainder of title |
[რომანი 2 ტომად]. [ტ.] 2 / |
| Statement of responsibility, etc |
ფიოდორ დოსტოევსკი ; რუს. თარგმნა ვაჟა ახალაძემ ; [მთ. რედ. ნათია ნაცვლიშვილი, რედ. გიორგი ლობჟანიძე ; ნახატი ყდაზე გურამ ნავროზაშვილი] |
| 264 ## - წარმოების, გამოცემის, დისტრიბუციის და სხვა ცნობები |
| გამოცემის, წარმოების, დისტრიბუციის... ადგილი |
თბილისი : |
| გამოცემის, წარმოების, დისტრიბუციის... სახელწოდება |
ლაბირინთი, |
| გამოცემის, წარმოების, დისტრიბუციის... თარიღი |
2011. |
| 300 ## - ფიზიკური აღწერა |
| Extent |
610 გვ. ; |
| Dimensions |
20 სმ. |
| 300 ## - ფიზიკური აღწერა |
| Accompanying material |
შენიშვნები: გვ. 608-610. |
| 440 ## - სერიის ცნობა / დამატებულია ჩანაწერი - სათაური |
| International Standard Serial Number |
|
| 9 (RLIN) |
24897 |
| 490 ## - სერიის ცნობა |
| Series statement |
კლასიკა, 1987-9709 |
| 500 ## - ზოგადი შენიშვნა |
| General note |
შენიშვნები : გვ. 608-610 |
| 653 ## - INDEX TERM--UNCONTROLLED |
| Uncontrolled term |
რომანი |
| 653 ## - INDEX TERM--UNCONTROLLED |
| Uncontrolled term |
ძმები კარამაზოვები |
| 700 ## - ADDED ENTRY--PERSONAL NAME |
| Personal name |
ახალაძე, ვაჟა |
| Relator term |
მთარგმნელი |
| 9 (RLIN) |
6091 |
| 700 ## - ADDED ENTRY--PERSONAL NAME |
| Personal name |
ნაცვლიშვილი, ნათია |
| Relator term |
რედაქტორი |
| 9 (RLIN) |
890 |
| 700 ## - ADDED ENTRY--PERSONAL NAME |
| Personal name |
ლობჟანიძე, გიორგი |
| Relator term |
რედაქტორი |
| 9 (RLIN) |
6092 |
| 700 ## - ADDED ENTRY--PERSONAL NAME |
| Personal name |
ნარვოზაშვილი, გურამ |
| Relator term |
მხატვარი |
| 9 (RLIN) |
24898 |
| 942 ## - ADDED ENTRY ELEMENTS (KOHA) |
| Koha item type |
წიგნი |
| Source of classification or shelving scheme |
|